[Event "SVK-chT1W 1415"]
[Site "Slovakia"]
[Date "2015.03.15"]
[Round "11.4"]
[White "Skrabakova, Katarina"]
[Black "Banas, Kamil"]
[Result "0-1"]
[WhiteElo "2010"]
[BlackElo "2213"]
[PlyCount "76"]
[EventDate "2014.10.18"]
[EventType "team-tourn"]
[EventRounds "11"]
[EventCountry "SVK"]
[SourceTitle "EXT 2016"]
[Source "ChessBase"]
[SourceDate "2015.10.08"]
[SourceVersion "1"]
[SourceVersionDate "2015.10.08"]
[SourceQuality "1"]
[WhiteTeam "Povazska Bystrica SK Sparta"]
[BlackTeam "Modra"]
[WhiteTeamCountry "SVK"]
[BlackTeamCountry "SVK"]

1. e4 c5 2. Nc3 Nc6 3. f4 e6 4. Nf3 a6 5. d3 d5 6. g3 d4 7. Nb1 Qc7 8. Bg2 e5 9. 0-0 Bd6 10. fxe5 Nxe5 11. Nxe5 Bxe5 12. Nd2 Be6 13. Nf3 Bg4 14. Qe1 Bxf3 15. Rxf3 Ne7 16. Qf2 0-0 17. Bd2 f6 18. Bh3 Qb6 19. b3 Qd6 20. Rf1 Nc6 21. Bf4 b5 22. Bf5 Ra7 23. Qg2 Re7 24. g4 g6 25. g5 Bxf4 26. Rxf4 Ref7 27. Bh3 Ne5 28. R1f2 fxg5 29. Qxg5 Rxf4 30. Rxf4 Nf3+ 31. Rxf3 Rxf3 32. Bf5 Kg7 33. Kg2 Qf4 34. Qe7+ Kh6 35. Qf8+ Kh5 36. Bxg6+ Kxg6 37. Qg8+ Kh6 38. Qe6+ Qf6 0-1

[Event "SVK-chT1W 1415"]
[Site "Slovakia"]
[Date "2015.03.01"]
[Round "9.2"]
[White "Skrabakova, Katarina"]
[Black "Szucs, Vladimir"]
[Result "1/2-1/2"]
[WhiteElo "2010"]
[BlackElo "2228"]
[PlyCount "99"]
[EventDate "2014.10.18"]
[EventType "team-tourn"]
[EventRounds "11"]
[EventCountry "SVK"]
[SourceTitle "EXT 2016"]
[Source "ChessBase"]
[SourceDate "2015.10.08"]
[SourceVersion "1"]
[SourceVersionDate "2015.10.08"]
[SourceQuality "1"]
[WhiteTeam "Povazska Bystrica SK Sparta"]
[BlackTeam "Nitra NSK"]
[WhiteTeamCountry "SVK"]
[BlackTeamCountry "SVK"]

1. e4 c5 2. Nc3 Nc6 3. f4 g6 4. Nf3 Bg7 5. g3 e6 6. Bg2 Nge7 7. d3 0-0 8. 0-0 d6 9. Qe1 Nd4 10. Qf2 Nec6 11. Nd1 Rb8 12. c3 Nxf3+ 13. Bxf3 b6 14. Ne3 Ba6 15. Rd1 Qc7 16. Qg2 Bb7 17. Ng4 f5 18. exf5 gxf5 19. Ne3 Kh8 20. Kh1 b5 21. Bd2 a5 22. Rac1 Qd7 23. Be1 Rfc8 24. g4 fxg4 25. Nxg4 Rf8 26. Bg3 e5 27. f5 Rxf5 28. Be4 Ne7 29. Rf1 Rxf1+ 30. Rxf1 Bxe4 31. Qxe4 Qe6 32. Bh4 d5 33. Qg2 Nf5 34. Bg5 Qg6 35. Ne3 Nxe3 36. Bxe3 Qxg2+ 37. Kxg2 d4 38. cxd4 cxd4 39. Bg5 Rc8 40. Rc1 Rxc1 41. Bxc1 Kg8 42. Kf3 Kf7 43. Ke4 Ke6 44. Bd2 a4 45. b3 Bf8 46. bxa4 bxa4 47. Be1 Bg7 48. Bg3 Bf6 49. h3 h5 50. Be1 1/2-1/2

[Event "SVK-ch U20 Girls"]
[Site "Prievidza"]
[Date "2014.04.30"]
[Round "8"]
[White "Turkova, Karolina"]
[Black "Skrabakova, Katarina"]
[Result "1-0"]
[WhiteElo "2037"]
[BlackElo "1995"]
[PlyCount "93"]
[EventDate "2014.04.25"]
[EventType "tourn"]
[EventRounds "10"]
[EventCountry "SVK"]
[SourceTitle "CBM 160 Extra"]
[Source "ChessBase"]
[SourceDate "2014.07.01"]
[SourceVersion "1"]
[SourceVersionDate "2014.07.01"]
[SourceQuality "1"]

1. e4 c5 2. Nf3 d6 3. Bb5+ Bd7 4. Bxd7+ Nxd7 5. 0-0 g6 6. c3 Ngf6 7. Re1 Bg7 8. d4 cxd4 9. cxd4 0-0 10. Nc3 Nb6 11. Bg5 Qd7 12. h3 Rac8 13. Qd3 Rfe8 14. a4 Nc4 15. b3 Na5 16. Nb5 Nc6 17. Rac1 d5 18. e5 Ne4 19. Bf4 Nb4 20. Qe2 a6 21. Nc7 Red8 22. Nxd5 Rxc1 23. Bxc1 Qxd5 24. Qxe4 e6 25. Qh4 Nd3 26. Rf1 Rc8 27. Bh6 Qd8 28. Bg5 Qe8 29. Rd1 Nb4 30. Bf6 Nd5 31. Bxg7 Kxg7 32. Ng5 h6 33. Ne4 Rc2 34. Rd3 Rc1+ 35. Kh2 Qe7 36. Qg3 Qa3 37. Nd6 Qa1 38. Qf3 Rh1+ 39. Kg3 Qc1 40. Qxf7+ Kh8 41. Qe8+ Kg7 42. Qd7+ Kg8 43. Qxe6+ Kh7 44. Qd7+ Kg8 45. Qd8+ Kh7 46. Qd7+ Kg8 47. Qc8+ 1-0

[Event "SVK-ch U20 Girls"]
[Site "Prievidza"]
[Date "2014.04.28"]
[Round "4"]
[White "Kopnicka, Henrieta"]
[Black "Skrabakova, Katarina"]
[Result "0-1"]
[WhiteElo "1816"]
[BlackElo "1995"]
[PlyCount "148"]
[EventDate "2014.04.25"]
[EventType "tourn"]
[EventRounds "10"]
[EventCountry "SVK"]
[SourceTitle "CBM 160 Extra"]
[Source "ChessBase"]
[SourceDate "2014.07.01"]
[SourceVersion "1"]
[SourceVersionDate "2014.07.01"]
[SourceQuality "1"]

1. c4 e6 2. Nc3 d5 3. d4 Nf6 4. cxd5 exd5 5. Bg5 c6 6. e3 Bd6 7. Qc2 0-0 8. Bd3 h6 9. Bh4 Nbd7 10. Nge2 Re8 11. 0-0 Nf8 12. Rae1 Bxh2+ 13. Kh1 Bd6 14. a3 Be7 15. Bxf6 Bxf6 16. Bf5 Bxf5 17. Qxf5 Qd7 18. Ng3 Rad8 19. Na4 Ne6 20. Rc1 Be7 21. Rc2 Bd6 22. Qg4 Bxg3 23. Qxg3 Ng5 24. Nc5 Ne4 25. Qf4 Nxc5 26. Rxc5 Re4 27. Qg3 Rde8 28. Kg1 Qf5 29. Rfc1 Qh5 30. Qf3 Qxf3 31. gxf3 Rh4 32. Kg2 Re6 33. Rg1 f5 34. f4 Rg4+ 35. Kh2 Rh4+ 36. Kg2 Rg6+ 37. Kf1 Rxg1+ 38. Kxg1 g5 39. fxg5 hxg5 40. Rc1 Re4 41. Kg2 f4 42. Kf3 g4+ 43. Ke2 Kf7 44. Rh1 Kg6 45. Rh4 f3+ 46. Ke1 g3 47. fxg3 Rxe3+ 48. Kf2 Rb3 49. Rg4+ Kf5 50. Rf4+ Kg5 51. Rf7 Rxb2+ 52. Kxf3 Rb3+ 53. Kf2 a5 54. Rc7 Rd3 55. Rxb7 Rxd4 56. Ra7 a4 57. Ra6 c5 58. Ra5 Rc4 59. Ra8 d4 60. Ke2 Rc2+ 61. Kd3 Rc3+ 62. Kd2 Rxa3 63. Ra5 Rc3 64. Rxa4 Kg4 65. Ra8 Kxg3 66. Rf8 c4 67. Rf7 Rf3 68. Rd7 Rf2+ 69. Ke1 Rf4 70. Rc7 c3 71. Ke2 Rf2+ 72. Kd1 Kf3 73. Re7 d3 74. Re1 c2+ 0-1

[Event "SVK-ch U20 Girls"]
[Site "Prievidza"]
[Date "2014.04.26"]
[Round "2"]
[White "Zakovicova, Silvia"]
[Black "Skrabakova, Katarina"]
[Result "0-1"]
[WhiteElo "1661"]
[BlackElo "1995"]
[PlyCount "64"]
[EventDate "2014.04.25"]
[EventType "tourn"]
[EventRounds "10"]
[EventCountry "SVK"]
[SourceTitle "CBM 160 Extra"]
[Source "ChessBase"]
[SourceDate "2014.07.01"]
[SourceVersion "1"]
[SourceVersionDate "2014.07.01"]
[SourceQuality "1"]

1. e4 c5 2. Nf3 d6 3. d3 Nc6 4. c3 e6 5. Be3 Nf6 6. Nbd2 Be7 7. d4 cxd4 8. Nxd4 Bd7 9. Bb5 a6 10. Ba4 b5 11. Bc2 0-0 12. f4 e5 13. fxe5 Nxe5 14. N2f3 Nfg4 15. Qe2 Nc4 16. Bd2 Nxb2 17. Bb3 Nc4 18. Bxc4 bxc4 19. Qxc4 Ne5 20. Nxe5 dxe5 21. Nf5 Bb5 22. Qb3 Bg5 23. Bxg5 Qxg5 24. Qc2 Rfd8 25. c4 Rac8 26. 0-0 Bxc4 27. Rf2 Bb5 28. Qb2 g6 29. Rf3 Rd2 30. Qxd2 Qxd2 31. Ne7+ Kf8 32. Nxc8 Qd4+ 0-1

[Event "SVK-ch U20 Girls"]
[Site "Prievidza"]
[Date "2014.04.25"]
[Round "1"]
[White "Skrabakova, Katarina"]
[Black "Koselova, Zuzana"]
[Result "1-0"]
[WhiteElo "1995"]
[BlackElo "1840"]
[PlyCount "59"]
[EventDate "2014.04.25"]
[EventType "tourn"]
[EventRounds "10"]
[EventCountry "SVK"]
[SourceTitle "CBM 160 Extra"]
[Source "ChessBase"]
[SourceDate "2014.07.01"]
[SourceVersion "1"]
[SourceVersionDate "2014.07.01"]
[SourceQuality "1"]

1. Nf3 d5 2. d4 e6 3. c4 Nf6 4. Nc3 Be7 5. e3 Nbd7 6. Bd3 0-0 7. b3 c5 8. 0-0 b6 9. Ne5 Nxe5 10. dxe5 Nd7 11. f4 d4 12. Ne4 Qc7 13. Qf3 Bb7 14. Qh3 h6 15. Rf3 dxe3 16. Bb2 Rfd8 17. Rxe3 Nf8 18. Rae1 Ng6 19. Qg4 Rd7 20. Nd6 Bxd6 21. exd6 Qxd6 22. Bxg6 fxg6 23. Qxg6 Qxf4 24. Rxe6 Rf8 25. Re8 Rdf7 26. Rxf8+ Kxf8 27. Bxg7+ Kg8 28. Bxh6+ Kh8 29. Re8+ Rf8 30. Qg7# 1-0

[Event "SVK-ch U20 Girls"]
[Site "Martin"]
[Date "2013.04.24"]
[Round "6"]
[White "Skrabakova, Katarina"]
[Black "Turkova, Karolina"]
[Result "1-0"]
[WhiteElo "1960"]
[BlackElo "2022"]
[PlyCount "121"]
[EventDate "2013.04.19"]
[EventType "tourn"]
[EventRounds "7"]
[EventCountry "SVK"]
[SourceTitle "CBM 154 Extra"]
[Source "ChessBase"]
[SourceDate "2013.06.25"]
[SourceVersion "2"]
[SourceVersionDate "2013.06.25"]
[SourceQuality "1"]

1. d4 d5 2. c4 e6 3. Nc3 Nf6 4. cxd5 exd5 5. Bg5 Be7 6. e3 0-0 7. Bd3 c6 8. Qc2 Nbd7 9. Nge2 Re8 10. 0-0 Ne4 11. Bf4 Nxc3 12. Nxc3 Nf6 13. Rab1 a5 14. a3 Bg4 15. b4 axb4 16. axb4 Bd6 17. Bxd6 Qxd6 18. h3 Bh5 19. Na4 Bg6 20. Bxg6 hxg6 21. Nc5 b6 22. Nd3 Rec8 23. Ra1 Ne4 24. Rxa8 Rxa8 25. Rc1 Ra3 26. Qd1 Qf6 27. Rc2 Qd6 28. Nf4 Qxb4 29. Rxc6 Qb2 30. Rc8+ Kh7 31. Qc2 Ra1+ 32. Kh2 Qb5 33. Nd3 Ra3 34. Ne5 Ra7 35. Rd8 Qa6 36. Rxd5 Nf6 37. Rd8 Qb7 38. Qc6 Qxc6 39. Nxc6 Rb7 40. Rb8 Rxb8 41. Nxb8 Kh6 42. Kg3 Kg5 43. Kf3 b5 44. Na6 Nd5 45. e4 Nc3 46. Nb4 Kf6 47. Ke3 Ke6 48. Kd3 Nd1 49. d5+ Kd6 50. f4 Nb2+ 51. Kd4 Nc4 52. e5+ Kd7 53. Kc5 Ne3 54. g4 Nd1 55. f5 Nf2 56. e6+ fxe6 57. fxe6+ Ke7 58. Nc6+ Kf6 59. g5+ Kxg5 60. d6 Ne4+ 61. Kd5 1-0

[Event "Gibraltar Masters 11th"]
[Site "Caleta"]
[Date "2013.01.31"]
[Round "10"]
[White "Skrabakova, Katarina"]
[Black "Viana, Eduardo Escudeiro"]
[Result "1/2-1/2"]
[WhiteElo "1991"]
[BlackElo "1600"]
[PlyCount "103"]
[EventDate "2013.01.22"]
[EventType "swiss"]
[EventRounds "10"]
[EventCountry "GGB"]
[SourceTitle "CBM 153"]
[Source "ChessBase"]
[SourceDate "2013.03.14"]
[SourceVersion "1"]
[SourceVersionDate "2013.03.14"]
[SourceQuality "1"]

1. e4 c5 2. Nf3 d6 3. d4 cxd4 4. Nxd4 Nf6 5. Nc3 a6 6. Be2 e6 7. 0-0 b5 8. Bf3 e5 9. Nb3 Be7 10. a3 0-0 11. Be2 Bb7 12. f3 Qb6+ 13. Kh1 Nbd7 14. Qd3 Nc5 15. Nxc5 Qxc5 16. Be3 Qc7 17. Rfd1 Rfd8 18. Qd2 Rab8 19. Qe1 Ba8 20. Rd2 Bf8 21. Qf2 Be7 22. a4 b4 23. Nd5 Bxd5 24. exd5 Qb7 25. Bd3 a5 26. Rad1 Bf8 27. Bg5 Be7 28. Qh4 h6 29. Bxf6 Bxf6 30. Qe4 g6 31. h4 Kg7 32. h5 Bg5 33. Re2 f5 34. Qc4 Rdc8 35. Qb3 Qe7 36. hxg6 Bf4 37. g3 Bxg3 38. Bxf5 Qh4+ 39. Kg1 Rf8 40. Be4 Rf4 41. Qc4 Qd8 42. Qa6 Rc8 43. Rb1 Rh4 44. c3 b3 45. Qb7+ Rc7 46. Qb6 h5 47. Rg2 Bf4 48. Qxb3 Be3+ 49. Kf1 Rh1+ 50. Ke2 Rxb1 51. Bxb1 Bc5 52. Qc4 1/2-1/2

[Event "Gibraltar Masters 11th"]
[Site "Caleta"]
[Date "2013.01.29"]
[Round "8"]
[White "Skrabakova, Katarina"]
[Black "Savage, Neil"]
[Result "1-0"]
[WhiteElo "1991"]
[BlackElo "1620"]
[PlyCount "53"]
[EventDate "2013.01.22"]
[EventType "swiss"]
[EventRounds "10"]
[EventCountry "GGB"]
[SourceTitle "CBM 153"]
[Source "ChessBase"]
[SourceDate "2013.03.14"]
[SourceVersion "1"]
[SourceVersionDate "2013.03.14"]
[SourceQuality "1"]

1. e4 d5 2. exd5 Qxd5 3. Nc3 Qd6 4. d4 Nf6 5. Nf3 c6 6. g3 Bg4 7. Bg2 e6 8. Bf4 Qd8 9. Qd2 Nbd7 10. h3 Bh5 11. g4 Bg6 12. Ne5 Nb6 13. h4 h6 14. Nxg6 fxg6 15. 0-0-0 Bd6 16. Bxd6 Qxd6 17. Ne4 Qe7 18. g5 Nfd5 19. Bh3 h5 20. Nc5 0-0 21. Nxe6 Rf3 22. Qe2 Raf8 23. Qe4 Nc3 24. Qxg6 Nxd1 25. Nxf8 Nxf2 26. Be6+ Kxf8 27. Qxh5 1-0

[Event "Gibraltar Masters 11th"]
[Site "Caleta"]
[Date "2013.01.23"]
[Round "2"]
[White "Veltkamp, Gerben"]
[Black "Skrabakova, Katarina"]
[Result "1-0"]
[WhiteElo "2200"]
[BlackElo "1991"]
[PlyCount "59"]
[EventDate "2013.01.22"]
[EventType "swiss"]
[EventRounds "10"]
[EventCountry "GGB"]
[SourceTitle "CBM 153"]
[Source "ChessBase"]
[SourceDate "2013.03.14"]
[SourceVersion "1"]
[SourceVersionDate "2013.03.14"]
[SourceQuality "1"]

1. e4 c5 2. c3 d5 3. exd5 Qxd5 4. d4 cxd4 5. cxd4 Nc6 6. Nf3 Bg4 7. Be2 e6 8. Nc3 Bb4 9. 0-0 Bxc3 10. bxc3 Nge7 11. h3 Bh5 12. Rb1 Qd7 13. Rb5 Bg6 14. Qb3 b6 15. Rd1 0-0 16. c4 Rac8 17. Qa3 Na5 18. Ne5 Qe8 19. d5 exd5 20. cxd5 Bf5 21. d6 Nec6 22. Qb2 Bd7 23. Nxd7 Qxd7 24. Rg5 f5 25. Qd2 Nd8 26. Bb2 Ne6 27. Rg3 Nb7 28. Qd5 Rc5 29. Qb3 Na5 30. Qxe6+ 1-0

[Event "SVK-chT1W 1213"]
[Site "Slovakia"]
[Date "2012.12.09"]
[Round "4.6"]
[White "Skrabakova, Katarina"]
[Black "Ruckschloss, Karol"]
[Result "1/2-1/2"]
[WhiteElo "1991"]
[BlackElo "2242"]
[PlyCount "83"]
[EventDate "2012.10.20"]
[EventType "team-tourn"]
[EventRounds "11"]
[EventCountry "SVK"]
[SourceTitle "EXT 2014"]
[Source "ChessBase"]
[SourceDate "2013.11.20"]
[SourceVersion "1"]
[SourceVersionDate "2013.11.20"]
[SourceQuality "1"]
[WhiteTeam "Povazska Bystrica"]
[BlackTeam "Bratislava Slovan II"]
[WhiteTeamCountry "SVK"]
[BlackTeamCountry "SVK"]

1. e4 d6 2. d4 Nf6 3. Nc3 g6 4. Be3 c6 5. h3 b5 6. e5 dxe5 7. dxe5 Nfd7 8. Bd4 Bg7 9. e6 Nf6 10. exf7+ Kxf7 11. Nf3 Re8 12. Be2 Qc7 13. 0-0 e5 14. Nxe5+ Rxe5 15. Bxe5 Qxe5 16. Re1 Qc5 17. Bf3 Nbd7 18. a4 b4 19. Nb5 Ne5 20. Nd6+ Kg8 21. Ne4 Nxf3+ 22. Qxf3 Nxe4 23. Rxe4 Bf5 24. Qb3+ Qd5 25. Rxb4 Qxb3 26. cxb3 Bxb2 27. Rd1 c5 28. Rb7 a5 29. g4 Be6 30. Rd6 Re8 31. Kg2 Be5 32. Rd3 Bd4 33. Rb5 Bd5+ 34. f3 Re2+ 35. Kg3 Bc6 36. Rxa5 Be5+ 37. Kh4 h6 38. Rd8+ Kf7 39. Ra7+ Ke6 40. Rg8 Bf6+ 41. Kg3 Be5+ 42. Kh4 1/2-1/2

[Event "SVK-chT1W 1213"]
[Site "Slovakia"]
[Date "2012.10.20"]
[Round "1.8"]
[White "Nagy, Attila2222"]
[Black "Skrabakova, Katarina"]
[Result "1/2-1/2"]
[WhiteElo "1868"]
[BlackElo "1991"]
[PlyCount "54"]
[EventDate "2012.10.20"]
[EventType "team-tourn"]
[EventRounds "11"]
[EventCountry "SVK"]
[SourceTitle "EXT 2014"]
[Source "ChessBase"]
[SourceDate "2013.11.20"]
[SourceVersion "1"]
[SourceVersionDate "2013.11.20"]
[SourceQuality "1"]
[WhiteTeam "Batorove Kosihy"]
[BlackTeam "Povazska Bystrica"]
[WhiteTeamCountry "SVK"]
[BlackTeamCountry "SVK"]

1. e4 c5 2. Nf3 d6 3. d4 cxd4 4. Nxd4 Nf6 5. Nc3 a6 6. Be3 e5 7. Nde2 Be6 8. f4 Ng4 9. Qd2 Nxe3 10. Qxe3 Nd7 11. Ng3 exf4 12. Qxf4 Be7 13. Nf5 Bxf5 14. Qxf5 Bf6 15. Nd5 Bxb2 16. Rb1 g6 17. Qf3 Bd4 18. Rxb7 0-0 19. c3 Be5 20. Bc4 Rb8 21. Rxb8 Qxb8 22. 0-0 Qa7+ 23. Kh1 Nc5 24. Qe3 Kg7 25. Nf4 Qe7 26. Nd3 Nxd3 27. Qxd3 a5 1/2-1/2

[Event "EU-ch U18 Girls"]
[Site "Prague"]
[Date "2012.08.25"]
[Round "9"]
[White "Skrabakova, Katarina"]
[Black "Zpevakova, Jana"]
[Result "1-0"]
[WhiteElo "1989"]
[BlackElo "1901"]
[PlyCount "120"]
[EventDate "2012.08.17"]
[EventType "swiss"]
[EventRounds "9"]
[EventCountry "CZE"]
[SourceTitle "CBM 150 Extra"]
[Source "ChessBase"]
[SourceDate "2012.10.19"]
[SourceVersion "1"]
[SourceVersionDate "2012.10.19"]
[SourceQuality "1"]

1. e4 e6 2. d4 d5 3. Nd2 c5 4. exd5 Qxd5 5. Ngf3 cxd4 6. Bc4 Qd6 7. 0-0 Nc6 8. Nb3 Nf6 9. Nbxd4 Nxd4 10. Nxd4 a6 11. Re1 Be7 12. c3 0-0 13. Qf3 Qc7 14. Bb3 Bd6 15. h3 Bd7 16. Bg5 Bc6 17. Nxc6 Qxc6 18. Qxc6 bxc6 19. Rad1 Rfd8 20. Ba4 Rac8 21. Rd4 c5 22. Rd2 h6 23. Red1 Be7 24. Rxd8+ Rxd8 25. Rxd8+ Bxd8 26. Be3 Be7 27. c4 Bd6 28. Kf1 Kf8 29. Bc6 a5 30. Bd2 Bc7 31. a3 Ke7 32. b4 axb4 33. axb4 Kd6 34. b5 Ng8 35. Ke2 Ne7 36. Be4 f5 37. Bc2 e5 38. g4 f4 39. f3 g5 40. Bh7 Nc8 41. Kd3 Ne7 42. Ke4 Ke6 43. Bc3 Kf6 44. Be1 Bb6 45. h4 Bd8 46. h5 Ke6 47. Bc3 Bc7 48. Bg6 Bb8 49. Ba5 Bd6 50. Bb6 Ng8 51. Bf5+ Ke7 52. Kd5 Nf6+ 53. Kc6 e4 54. fxe4 f3 55. e5 Bxe5 56. Bxc5+ Kd8 57. Bb6+ Ke7 58. Bf2 Kd8 59. c5 Bb8 60. Kb7 Be5 1-0

[Event "EU-ch U18 Girls"]
[Site "Prague"]
[Date "2012.08.21"]
[Round "5"]
[White "Roy, Ali"]
[Black "Skrabakova, Katarina"]
[Result "1/2-1/2"]
[WhiteElo "1836"]
[BlackElo "1989"]
[PlyCount "81"]
[EventDate "2012.08.17"]
[EventType "swiss"]
[EventRounds "9"]
[EventCountry "CZE"]
[SourceTitle "CBM 150 Extra"]
[Source "ChessBase"]
[SourceDate "2012.10.19"]
[SourceVersion "1"]
[SourceVersionDate "2012.10.19"]
[SourceQuality "1"]

1. Nf3 Nf6 2. c4 b6 3. e3 Bb7 4. Nc3 e6 5. Be2 Be7 6. 0-0 0-0 7. b3 Ne4 8. Nxe4 Bxe4 9. Bb2 f5 10. d4 d6 11. Rc1 Bb7 12. Qc2 Nd7 13. Rfd1 Qe8 14. b4 c5 15. dxc5 dxc5 16. b5 Bf6 17. Rd6 Qe7 18. Rcd1 Rad8 19. a4 Bxb2 20. Qxb2 Nf6 21. Qe5 Rxd6 22. Rxd6 Bc8 23. Ng5 Rd8 24. Rc6 Qd7 25. Qxe6+ Qxe6 26. Nxe6 Bxe6 27. Rxe6 Rd2 28. Kf1 Ra2 29. Bd3 Rxa4 30. f3 Kf7 31. Rc6 g6 32. Rc7+ Ke8 33. Ke2 Ra2+ 34. Kf1 Nd7 35. f4 Ke7 36. Be2 Ra1+ 37. Kf2 Ra2 38. Kf1 Ra1+ 39. Kf2 Ra2 40. Kf1 Ra1+ 41. Kf2 1/2-1/2

[Event "EU-ch U18 Girls"]
[Site "Prague"]
[Date "2012.08.19"]
[Round "3"]
[White "Meireles, Ana Maria Queiros"]
[Black "Skrabakova, Katarina"]
[Result "0-1"]
[WhiteElo "1716"]
[BlackElo "1989"]
[PlyCount "94"]
[EventDate "2012.08.17"]
[EventType "swiss"]
[EventRounds "9"]
[EventCountry "CZE"]
[SourceTitle "CBM 150 Extra"]
[Source "ChessBase"]
[SourceDate "2012.10.19"]
[SourceVersion "1"]
[SourceVersionDate "2012.10.19"]
[SourceQuality "1"]

1. e4 c5 2. Nf3 d6 3. d4 cxd4 4. Nxd4 Nf6 5. Nc3 a6 6. Bc4 e6 7. Bb3 Be7 8. 0-0 0-0 9. Qf3 Nc6 10. Nxc6 bxc6 11. Qg3 d5 12. Bh6 Ne8 13. Rad1 Bh4 14. Qg4 e5 15. Qh5 gxh6 16. g3 Bg5 17. h4 Be7 18. exd5 Nf6 19. Qxe5 Bd6 20. Qe3 Ng4 21. Qc1 c5 22. Ne4 Bf5 23. Nxd6 Qxd6 24. c4 Ne5 25. f3 Nd3 26. Qc2 Qxg3+ 27. Qg2 Qxg2+ 28. Kxg2 Nxb2 29. Rde1 Rfe8 30. Rxe8+ Rxe8 31. Kh2 Nd3 32. Kg3 Kh8 33. Rd1 Rg8+ 34. Kh2 Nf4 35. Rd2 Bh3 36. d6 Bd7 37. Bc2 Re8 38. Be4 f5 39. Bb7 a5 40. Ba6 Re2+ 41. Rxe2 Nxe2 42. Bb5 Bxb5 43. cxb5 Nd4 44. Kg3 Kg7 45. Kf4 Kf6 46. b6 Ne6+ 47. Ke3 Nd8 0-1

[Event "Teplice op 7th"]
[Site "Teplice"]
[Date "2012.06.23"]
[Round "8"]
[White "Kratochvil, Karel"]
[Black "Skrabakova, Katarina"]
[Result "1-0"]
[WhiteElo "2213"]
[BlackElo "2000"]
[PlyCount "41"]
[EventDate "2012.06.16"]
[EventType "swiss"]
[EventRounds "9"]
[EventCountry "CZE"]
[SourceTitle "CBM 149 Extra"]
[Source "ChessBase"]
[SourceDate "2012.08.24"]
[SourceVersion "1"]
[SourceVersionDate "2012.08.24"]
[SourceQuality "1"]

1. d4 d5 2. c4 e6 3. Nc3 Nf6 4. Bg5 dxc4 5. e3 a6 6. a4 b6 7. Bxc4 Bb7 8. Nf3 Nbd7 9. 0-0 c5 10. Qc2 Be7 11. Rfd1 Qc7 12. Rac1 0-0 13. e4 cxd4 14. Nxd4 Ne5 15. Ba2 h6 16. Bf4 Qb8 17. Bg3 Rd8 18. Kh1 Nfd7 19. Nxe6 fxe6 20. Bxe6+ Kh8 21. Bxd7 1-0

[Event "Teplice op 7th"]
[Site "Teplice"]
[Date "2012.06.19"]
[Round "4"]
[White "Skrabakova, Katarina"]
[Black "Ponizil, Cyril"]
[Result "0-1"]
[WhiteElo "2000"]
[BlackElo "2404"]
[PlyCount "60"]
[EventDate "2012.06.16"]
[EventType "swiss"]
[EventRounds "9"]
[EventCountry "CZE"]
[SourceTitle "CBM 149 Extra"]
[Source "ChessBase"]
[SourceDate "2012.08.24"]
[SourceVersion "1"]
[SourceVersionDate "2012.08.24"]
[SourceQuality "1"]

1. e4 c5 2. Nc3 Nc6 3. f4 g6 4. Nf3 Bg7 5. Bc4 e6 6. 0-0 Nge7 7. a4 d5 8. Ba2 dxe4 9. Nxe4 0-0 10. d3 b6 11. Rb1 Bb7 12. Be3 Qd7 13. Bf2 Nb4 14. Bb3 Bd5 15. Nfd2 Bxb3 16. Nxb3 Qxa4 17. Qd2 Nbd5 18. Rfe1 Qd7 19. d4 c4 20. Nc1 Nf5 21. Ne2 Qc7 22. N4c3 Nd6 23. Ng3 Qc6 24. Nce4 Bh6 25. Ng5 c3 26. bxc3 Qxc3 27. Qxc3 Nxc3 28. Rb3 Nd5 29. Be3 Rac8 30. Re2 Rc4 0-1

[Event "SVK-chT U20 final"]
[Site "Liptovsky Hradok"]
[Date "2012.04.28"]
[Round "3.2"]
[White "Skrabakova, Katarina"]
[Black "Nemergut, Matej"]
[Result "1-0"]
[WhiteElo "1998"]
[BlackElo "1954"]
[PlyCount "49"]
[EventDate "2012.04.27"]
[EventType "team-tourn"]
[EventRounds "5"]
[EventCountry "SVK"]
[SourceTitle "CBM 148 Extra"]
[Source "ChessBase"]
[SourceDate "2012.06.22"]
[SourceVersion "1"]
[SourceVersionDate "2012.06.22"]
[SourceQuality "1"]
[WhiteTeam "Povazska Bystrica"]
[BlackTeam "Stara Lubovna"]
[WhiteTeamCountry "SVK"]
[BlackTeamCountry "SVK"]

1. e4 e6 2. d4 d5 3. exd5 exd5 4. Bd3 Nc6 5. c3 Bd6 6. Nf3 Nge7 7. 0-0 Be6 8. Qc2 Qd7 9. Nbd2 0-0-0 10. b4 Ng6 11. Nb3 Nce7 12. a4 f6 13. Bb5 c6 14. Be2 Rhe8 15. Nc5 Bxc5 16. dxc5 Bg4 17. b5 Bxf3 18. Bxf3 cxb5 19. axb5 Qxb5 20. Rxa7 Nc6 21. Ra2 Kc7 22. Ba3 Re5 23. Be2 Qa5 24. Qb3 Ra8 25. Rfa1 1-0

[Event "SVK-ch U18 Girls"]
[Site "Lubovnianske Kupele"]
[Date "2012.03.23"]
[Round "9"]
[White "Skrabakova, Katarina"]
[Black "Gregusova, Katarina"]
[Result "1-0"]
[WhiteElo "1998"]
[BlackElo "1382"]
[PlyCount "21"]
[EventDate "2012.03.17"]
[EventType "tourn"]
[EventRounds "10"]
[EventCountry "SVK"]
[SourceTitle "CBM 147 Extra"]
[Source "ChessBase"]
[SourceDate "2012.04.24"]
[SourceVersion "1"]
[SourceVersionDate "2012.04.24"]
[SourceQuality "1"]

1. e4 e5 2. Nf3 Nc6 3. Bc4 Be7 4. c3 Nf6 5. d3 d5 6. exd5 Nxd5 7. Qb3 Na5 8. Qa4+ Nc6 9. Nxe5 Qd6 10. Nxc6 Qxc6 11. Bb5 1-0

[Event "SVK-ch U18 Girls"]
[Site "Lubovnianske Kupele"]
[Date "2012.03.22"]
[Round "8"]
[White "Koselova, Zuzana"]
[Black "Skrabakova, Katarina"]
[Result "1-0"]
[WhiteElo "1803"]
[BlackElo "1998"]
[PlyCount "101"]
[EventDate "2012.03.17"]
[EventType "tourn"]
[EventRounds "10"]
[EventCountry "SVK"]
[SourceTitle "CBM 147 Extra"]
[Source "ChessBase"]
[SourceDate "2012.04.24"]
[SourceVersion "1"]
[SourceVersionDate "2012.04.24"]
[SourceQuality "1"]

1. e4 c5 2. Nf3 d6 3. d4 cxd4 4. Nxd4 Nf6 5. Nc3 a6 6. Be3 e5 7. Nb3 Be6 8. f3 Be7 9. Qd2 Nbd7 10. Be2 b5 11. a3 0-0 12. g4 Nb6 13. h4 Nc4 14. Bxc4 bxc4 15. Nc1 d5 16. g5 d4 17. gxf6 Bxf6 18. Bf2 dxc3 19. Qxc3 Qc7 20. Ne2 Rfd8 21. Rd1 Rd7 22. Rxd7 Qxd7 23. Be3 Qe7 24. h5 Rd8 25. Qb4 Bh4+ 26. Bf2 Bxf2+ 27. Kxf2 Qa7+ 28. Kg3 Qe3 29. Rh2 h6 30. Qc3 Qg5+ 31. Kf2 Rd1 32. Qa5 Qd2 33. Qc3 f6 34. Kg3 Qxc3 35. Nxc3 Rg1+ 36. Kf2 Rg5 37. Na4 Bf7 38. Nc5 Rxh5 39. Rxh5 Bxh5 40. Nxa6 Bf7 41. a4 Kf8 42. Nc5 Ke7 43. a5 Kd6 44. Na4 Be8 45. Nb6 Kc5 46. Nd5 Bd7 47. b4+ cxb3 48. cxb3 Bc6 49. b4+ Kb5 50. Kg3 Bb7 51. Kg4 1-0